000 00307nam a22001337a 4500
008 170703b xxu||||| |||| 00| 0 eng d
020 _a9780195177282
041 _aeng
080 _a05
100 _a22
101 _aGJL
245 _aTHE CHANGING FACE OF CHRISTIANITY
_cSANNEH.L
942 _2udc
_cBK
999 _c19868
_d19868